000 00291nam a22001337a 4500
008 180927b xxu||||| |||| 00| 0 eng d
020 _a0915473771
041 _aeng
080 _a618
100 _a10
101 _aGJIN
245 _aEthics in Obstetrics and Gynecology
942 _2udc
_cBK
999 _c48545
_d48545